| 000 | 00459nam a2200193Ia 4500 | ||
|---|---|---|---|
| 008 | 220531s9999 xx 000 0 und d | ||
| 041 | _aeng | ||
| 082 |
_a- _bOKE |
||
| 100 |
_aOke, J. _969313 |
||
| 245 | _aManagement Information System | ||
| 250 | _a1ST | ||
| 260 |
_aPune _bNirali _c2014 |
||
| 300 | _a5.28 | ||
| 542 | _d19-11-2014 | ||
| 551 |
_aBba _bNon-grant-BBA |
||
| 650 |
_aMIS _969314 |
||
| 906 |
_d2014-2015 _f2967 |
||
| 999 |
_c38888 _d38888 |
||